| 000 | 00417nam a2200157Ia 4500 | ||
|---|---|---|---|
| 003 | GCL | ||
| 008 | 140319s9999 xx 000 0 eng d | ||
| 040 |
_aGCL / _cGCL |
||
| 082 | 0 | 4 |
_a801.95 _bN D |
| 100 | 1 | _aN. AUTTIORE | |
| 245 | 1 | 0 |
_aDECONSTRUCTION THEORY AND PRACTICE / _cN. AUTTIORE |
| 260 |
_a[S.N] : _bMACMILLAN PUBLISHING COMPANY ، _c1991 |
||
| 300 | _a196 P | ||
| 650 | 0 | 4 | _aDECONSTRUCTION |
| 942 |
_2ddc _cBK |
||
| 999 |
_c18032 _d18032 |
||